000 00753nam a2200265 i 4500
001 C2-0317438
003 PPAK
005 20180728113622.0
008 120913s2011 my a|||| ||||| | may d
020 _a9789673870110
040 _aPPAK
_beng
_cPPAK
_erda
082 0 4 _a959.5
_223
090 0 0 _a959.5
_bMEM
_dK
245 0 0 _aMembangunkan ekonomi rakyat
264 1 _aRawang, Selangor :
_bPustaka Minda Aktif ,
_c2011
300 _a44 pages :
_billustrations ;
_c26 cm
336 _2rdacontent
_atext
337 _2rdamedia
_aunmediated
338 _2rdacarrier
_avolume
490 1 _aLakaran sejarah ibu pertiwi
650 1 0 _aMalaysia - History
700 0 _aAfzan Ayub,
_ecompile
830 0 _aLakaran sejarah ibu pertiwi
942 _ddc
_cB
999 _c118508
_d118508